000 01855cab a22002775a 4500
001 L151328
008 101021e20100303xxk 000 0 eng d
035 _a(Sirsi) u151328
041 0 _aeng
245 0 0 _aFoodCo Uk LLP (t/a Muffin Break), Caskade Caterers Limited (t/a KFC), Panesar Enterprise Limited (t/a Burger King ), The Interchange Organization Limited, Game Grid Limited, Eat Limited v Henry Boot Developments Limited
260 _c2010
520 _a[2010] EWHC 358 (Ch) 3 March 2010. Considers whether the plaintiff retailer tenants F and others had been misled by information provided by the respondent developer B when they agreed their leases, which turned out to be a commercial disaster for them. F claimed that B misrepresented the business viability of the site in its brochures, in particular the extent of motorway signage, the likely footfall and the site facilities. Held: the landlord developer was not guilty of fraudulent misrepresentation. B had no reason to doubt the information commissioned by them from a reputable economic analyst Roger Tym & Partners to put in their marketing brochures.
590 _aKA
650 2 4 _aFOODCO UK LLP (T/A MUFFIN BREAK) AND OTHERS V HENRY BOOT DEVELOPMENTS LTD
650 2 4 _aSPICE GIRLS LTD V APRILIA WORLD SERVICE BV
650 2 4 _aWITH V O'FLANAGAN
650 2 4 _aBEATTIE V LORD EBURY
650 2 4 _aTUDOR GRANGE HOLDINGS LTD V CITIBANK NA
650 2 4 _aJAFFRY V SOCIETY OF LLOYDS
650 2 4 _aESSO PETROLEUM CO LTD V MARDON
650 2 4 _aUNFAIR CONTRACT TERMS ACT 1977
651 4 _aEngland and Wales
_y1543-
690 _aPROPERTY-COMMERCIAL PROPERTY-LEASEHOLD COMMERCIAL PROPERTY-COMMERCIAL LANDLORD AND TENANT-COMMERCIAL LEASES
856 4 0 _uhttps://www.bailii.org/ew/cases/EWHC/Ch/2010/358.html
_zView the law report free of charge at www.bailii.org
942 _n0
999 _c82773
_d82773